LEADER 01477nam a2200313 u 4500 001 000000000730 003 CaOOAMICUS 005 20070226104231.0 008 940919s1968 ne u000 u lat u 035 $a10013988 040 $aPUL(R)$bita 041 1 $alat$agrc 100 0 $aAristoteles,$d384-322 a.C.$0(OLS)http://pul/name/792 240 10$aAnalytica posteriora$9(Aristoteles, 384-322 a.C.).$lLatino.$0(OLS)http://pul/title/1035 245 10$aAnalytica posteriora /$ctranslatione Iacobi, Anonymi sive 'Ioannis', Gerardi, et recensio Guillelmi de Moerbeka ; ediderunt Laurentius Minio-Paluello et Bernardus G. Dod. 250 $a2a et 3a ed. altera. 260 $aBruges :$bDesclée De Paris,$c1968. 300 $alxxxiii, 446 p. ;$c26 cm 490 1 $aCorpus philosophorum Medii Aevi Academiarum consociatarum auspiciis et consilio editum. Aristoteles latinus ;$vIV, 1-4 500 $aComprende indici. 504 $aBibliografia in nota. 830 0$aCorpus philosophorum Medii Aevi.$pAristoteles latinus ;$vIV, 1-4.$0(OLS)http://pul/title/996 850 $aPUL 852 $aPUL$W1$xSL Filosofia 1$y2$m82 M 1.4.1-4$j190217$nBK-PRI$b $qStampati$B933$CPULBib$Z2$F933 $H32729 $81 900 $aAristotle,$d 384-322 a.C.$9792 900 $aAristotele,$d384-322 a.C.$9792 941 1 $a8 996 $6245$aAnalytica posteriora$9(OLS)http://pul/title/1036 996 $6260$aBruges :$bDesclée De Paris$9(OLS)http://pul/publisher/48304 LEADER 01111nam a2200265 a 4500 001 000000005978 003 CaOOAMICUS 005 20130906112807.0 008 941015m19231926gw u000 u lat u 035 $a10152836 040 $aNNC-L$bita$cNNC-L$dCUL$dPUL(R) 130 0 $aCodex Theodosianus.$0(OLS)http://pul/title/6159 245 10$aCodex Theodosianus /$crecognovit P. Krueger. 260 $aBerolini :$bApud Weidmannos,$c1923-1926. 300 $a2 v. ;$c25 cm 500 $aNon più continuato. 505 0 $aFasc. I. Liber I-VI. -- fasc. II. Liber VII-VIII. 650 0$aRoman law$xSources.$2//eng$0(OLS)http://pul/subject/1118 700 1 $aKrüger, Paul,$d1840-1926.$0(OLS)http://pul/name/6126 850 $aPUL 852 $aPUL$W1$xDP2 Diritto e Scienze Sociali 1$y65$m186 D 5$j8493$nBK-PRI$qStampati$B8493$CPULBib$Z2$F8493 $H6241 $82 941 1 $a8 961 $aTimbri: Bibliotheca Pontificium Institutum Utriusque Iuris. 996 $6245$aCodex Theodosianus$9(OLS)http://pul/title/8806 996 $6260$aBerolini :$bApud Weidmannos$9(OLS)http://pul/publisher/51094 LEADER 00953nam a2200265 a 4500 001 000000137976 003 CaOOAMICUS 005 20140328142320.0 008 140328s2005 it u000 u ita r 020 $a88-17-00911-3 040 $aPUL$bita 100 1 $aBiagi, Enzo,$d1920-2007.$0(OLS)http://pul/name/89011 245 10$aEra ieri /$cEnzo Biagi ; a cura di Loris Mazzetti. 250 $a5. ed. 260 $aMilano :$bR.C.S. Libri,$c©2005. 300 $a304 p. ;$c23 cm 651 4$aItalia$xStoria$ySec. XX.$0(OLS)http://pul/subject/6333 700 1 $aMazzetti, Loris.$0(OLS)http://pul/name/89012 850 $aPUL 852 $aPUL$W1$xDP1 Fondo E. Rossi$y115$m7 C 59$j159044$qFondi$B158596$CPULBib$Z2$F158596 $82 941 1 $a1 996 $6020$a88-17-00911-3$9(OLS)http://pul/number/154963 996 $6245$aEra ieri$9(OLS)http://pul/title/174710 996 $6260$aMilano :$bR.C.S. Libri$9(OLS)http://pul/publisher/74600 LEADER 01085nam a2200265 a 4500 001 000000168973 003 CaOOAMICUS 005 20180723111449.0 008 180723s1949 it u000 u ita r 032 $aLibriCat 040 $aPUL$bita 100 1 $aSvevo, Italo,$d1861-1928.$0(OLS)http://pul/name/8071 245 10$aSenilità /$cromanzo di Italo Svevo. 260 $aMilano :$bDall'Oglio,$cstampa 1949. 300 $a257 p. ;$c18 cm. 490 1 $aCorvi. Collana universale moderna.$aSezione scarlatta ;$v09 490 1 $aCorvi : collana universale moderna ;$v24 830 0$aCorvi. Collana universale moderna ;$v24.$0(OLS)http://pul/title/79271 830 0$aCorvi. Collana universale moderna.$pSezione scarlatta ;$v09.$0(OLS)http://pul/title/209516 850 $aPUL 852 $aPUL$W1$xDP1 Fondo Dalla Palma$y117$m9 B 52$j15634$qFondi$B196930$CPULBib$Z2$F196930 $HDal949 $81 941 1 $a1 996 $6245$aSenilità$9(OLS)http://pul/title/156608 996 $6260$aMilano :$bDall'Oglio$9(OLS)http://pul/publisher/52588 LEADER 01103nam a2200265 u 4500 001 000000044989 003 CaOOAMICUS 005 20070226114618.0 008 990514s1967 fr u000 u fre u 035 $a10823218 040 $aPUL(R)$bita$dPUL(R) 100 1 $aAlbertini, J.M.$0(OLS)http://pul/name/32810 245 14$aLes mécanisme du sous-développement :$binitiation économique /$cJ.M. Albertini. 250 $a7e éd. 260 $aParis :$bÉditions Économie et Humanisme,$c1967. 300 $a343 p. ;$c18 cm 500 $aInclude indici. 504 $aBibliografia: p.[323]-331. 650 4$aSviluppo economico e aree sottosviluppate.$0(OLS)http://pul/subject/18886 850 $aPUL 852 $aPUL$W1$xDP1 Cons. Gen., Altre Classi 1$y22$m45 N 21$j60479$nBK-PRI$b $qStampati$B60479$CPULBib$Z2$F60479 $H $81 941 1 $a8 961 $aINV: 35935 996 $6245$aLes mécanisme du sous-développement :$binitiation économique$9(OLS)http://pul/title/60666 996 $6260$aParis :$bÉditions Économie et Humanisme$9(OLS)http://pul/publisher/64087